| 000 | 00787nam a22001577a 4500 | ||
|---|---|---|---|
| 003 | OSt | ||
| 005 | 20151218103450.0 | ||
| 008 | 151218b xxu||||| |||| 00| 0 eng d | ||
| 040 | _cRUA | ||
| 082 | _aAED CHH 2008 B227 Or.1 | ||
| 100 |
_95105 _aCHHEN NA VIN; ឈិន ណាវីន |
||
| 245 | _aThe study on village development commitee in somleng project of ponleu ney kdey sangkhum in borseth district,kampong speu province, ការសិក្សាអំពីគណៈកម្មាធិការអភិវឌ្ឍន៍ភូមិក្នុងក្ដីសង្ឃឹម នៅក្នុងស្រុកបរសេដ្ឋ ខេត្តកំពង់ស្ពឺ | ||
| 260 |
_aPhnom Penh _bRUA _c2008 |
||
| 300 |
_ax; 44p. _bill. _c29cm. |
||
| 942 |
_2ddc _cAED |
||
| 999 |
_c4751 _d4751 |
||